Visual Fox Pro Bible (Version 3.0) for Windows (Record no. 8602)

000 -LEADER
fixed length control field 00244nam a2200109 4500
082 ## - DEWEY DECIMAL CLASSIFICATION NUMBER
Classification number JAI
100 ## - MAIN ENTRY--AUTHOR NAME
Personal name Jaiswal
245 ## - TITLE STATEMENT
Title Visual Fox Pro Bible (Version 3.0) for Windows
260 ## - PUBLICATION, DISTRIBUTION, ETC. (IMPRINT)
Place of publication India:
Name of publisher Galgotia,
Year of publication 1998.
300 ## - PHYSICAL DESCRIPTION
Number of Pages 769p. ;
942 ## - ADDED ENTRY ELEMENTS (KOHA)
Koha item type Books
Holdings
Withdrawn status Lost status Permanent Location Current Location Date acquired Full call number Accession Number Koha item type
    Central Library, QUEST, Nawabshah Central Library, QUEST, Nawabshah 2014-08-11 JAI 21388 Books
    Central Library, QUEST, Nawabshah Central Library, QUEST, Nawabshah 2014-08-11 JAI 21389 Books
    Central Library, QUEST, Nawabshah Central Library, QUEST, Nawabshah 2014-08-11 JAI 21390 Books
    Central Library, QUEST, Nawabshah Central Library, QUEST, Nawabshah 2014-08-11 JAI 21391 Books
    Central Library, QUEST, Nawabshah Central Library, QUEST, Nawabshah 2014-08-11 JAI 21392 Books

Copyright © 2018,The QUEST, Nawabshah, Shaheed Benazirabad. All rights reserved
Mr. G. Farooq Channar (Librarian) QUEST, Nawabshah, Sindh, Pakistan 67480.
 Ph#: |   0244-9370381-4 Ext. 2308   Email| lib@quest.edu.pk   Web|  http://www.quest.edu.pk